| 000 | 00990cam a22002894a 4500 | ||
|---|---|---|---|
| 001 | 38497 | ||
| 003 | (BD-RjUL) | ||
| 005 | 20211209052817.0 | ||
| 008 | 031023s2005 maua b 001 0 eng | ||
| 020 | _a9780070607491 | ||
| 020 | _a0070607494 | ||
| 035 | _a(BD-RjUL) | ||
| 040 |
_aDLC _c(BD-RjUL) _dDLC |
||
| 082 | 0 | 0 |
_a004 _222 _bWIU 2005 |
| 100 | 1 |
_aWilliams, Brian K., _9118862 |
|
| 245 | 1 | 0 |
_aUsing information technology : _ba practical introduction to computers & communications : complete version / _cBrian K. Williams, Stacey C. Sawyer. |
| 250 | _a6th ed. | ||
| 260 |
_aBoston, Mass. : _bTata McGraw-Hill Education, _cc2005 [reprint 2009]. |
||
| 300 |
_axxiii, 472 p. : _bcol. ill. ; _c28 cm. |
||
| 504 | _aIncludes bibliographical references and index. | ||
| 650 | 0 |
_aComputers. _9118863 |
|
| 650 | 0 |
_aTelecommunication systems. _9118864 |
|
| 650 | 0 |
_aInformation technology. _9118865 |
|
| 700 | 1 |
_aSawyer, Stacey C. _9118866 |
|
| 942 |
_2ddc _cBK |
||
| 999 |
_c38497 _d38497 |
||